Introduction to educational research / (Record no. 331027)

000 -LEADER
fixed length control field 01209cam a2200313 a 4500
001 - CONTROL NUMBER
control field 15932567
003 - CONTROL NUMBER IDENTIFIER
control field NUST
005 - DATE AND TIME OF LATEST TRANSACTION
control field 20180117090030.0
008 - FIXED-LENGTH DATA ELEMENTS--GENERAL INFORMATION
fixed length control field 091005s2011 maua b 001 0 eng
010 ## - LIBRARY OF CONGRESS CONTROL NUMBER
LC control number 2009041843
020 ## - INTERNATIONAL STANDARD BOOK NUMBER
International Standard Book Number 9780137013449 (pbk.)
020 ## - INTERNATIONAL STANDARD BOOK NUMBER
International Standard Book Number 0137013442 (pbk.)
035 ## - SYSTEM CONTROL NUMBER
System control number (OCoLC)ocn456421174
040 ## - CATALOGING SOURCE
Original cataloging agency DLC
Transcribing agency DLC
Modifying agency YDX
-- YDXCP
-- DLC
050 00 - LIBRARY OF CONGRESS CALL NUMBER
Classification number LB1028
Item number .C515 2011
082 00 - DEWEY DECIMAL CLASSIFICATION NUMBER
Classification number 370.72
Edition number 22
100 1# - MAIN ENTRY--PERSONAL NAME
Personal name Mertler, Craig A.
9 (RLIN) 4422
245 10 - TITLE STATEMENT
Title Introduction to educational research /
Statement of responsibility, etc. Craig A. Mertler, C.M. Charles.
250 ## - EDITION STATEMENT
Edition statement 7th ed.
260 ## - PUBLICATION, DISTRIBUTION, ETC.
Place of publication, distribution, etc. Boston :
Name of publisher, distributor, etc. Pearson/Allyn & Bacon,
Date of publication, distribution, etc. c2011.
300 ## - PHYSICAL DESCRIPTION
Extent xxvi, 405 p. :
Other physical details ill. ;
Dimensions 28 cm.
504 ## - BIBLIOGRAPHY, ETC. NOTE
Bibliography, etc. note Includes bibliographical references and indexes.
650 #0 - SUBJECT ADDED ENTRY--TOPICAL TERM
Topical term or geographic name entry element Education
General subdivision Research
-- Methdology.
9 (RLIN) 4423
700 1# - ADDED ENTRY--PERSONAL NAME
Personal name Charles, C. M.
9 (RLIN) 4424
906 ## - LOCAL DATA ELEMENT F, LDF (RLIN)
a 7
b cbc
c orignew
d 1
e ecip
f 20
g y-gencatlg
942 ## - ADDED ENTRY ELEMENTS (KOHA)
Source of classification or shelving scheme
Koha item type Book
Holdings
Withdrawn status Lost status Source of classification or shelving scheme Damaged status Not for loan Collection code Permanent Location Current Location Shelving location Date acquired Total Checkouts Total Renewals Full call number Barcode Checked out Date last seen Date last checked out Price effective from Koha item type
            Central Library (CL) Central Library (CL) General Stacks 08/29/2017 2 3 370.72 MER S3H-C-116 03/18/2020 10/09/2019 10/09/2019 08/29/2017 Book
© 2023 Central Library, National University of Sciences and Technology. All Rights Reserved.